000 00368nam a2200133Ia 4500
008 151021s9999 xx 000 0 und d
050 _aTS156.8.O231986
245 _a_Statistical process control (6th ed.)
260 _aUSA Butterworth 1986
300 _axi,458p.;ill.
500 _aincludes index
650 _a_statistics
980 _a^d20110107 10:03:20^okorir
999 _c5894
_d5894